00453 2200169 4500001002100000005001700021006001900038008004100057020002200098035002500120090001600145100001400161245004200175260003700217700001200254990001700266INLIS00000000000846620140317151838.0a ||| | 180719| ||| |  a978-979-29-3173-0 a0010-081300000000103 a636.5 SUW u0 aHernita P00aAyam kampung pedaging secara intensif aYogyakartabLily Publisherc20120 asuwarto a8632/PN/2013